<?xml version="1.0" encoding="UTF-8"?>
<record
    xmlns:xsi="http://www.w3.org/2001/XMLSchema-instance"
    xsi:schemaLocation="http://www.loc.gov/MARC21/slim http://www.loc.gov/standards/marcxml/schema/MARC21slim.xsd"
    xmlns="http://www.loc.gov/MARC21/slim">

  <leader>01162nam a22002057a 4500</leader>
  <controlfield tag="008">120228t        xxu||||| |||| 00| 0 eng d</controlfield>
  <datafield tag="020" ind1=" " ind2=" ">
    <subfield code="a">0072994428</subfield>
  </datafield>
  <datafield tag="050" ind1=" " ind2=" ">
    <subfield code="a">HD60.5.U5S8</subfield>
  </datafield>
  <datafield tag="100" ind1=" " ind2=" ">
    <subfield code="a">Steiner, George A.</subfield>
  </datafield>
  <datafield tag="245" ind1=" " ind2=" ">
    <subfield code="a">Business, Government and Society :</subfield>
    <subfield code="b">A Managerial Perspective text and cases/</subfield>
    <subfield code="c">George A Steiner and John F. Steiner.</subfield>
  </datafield>
  <datafield tag="250" ind1=" " ind2=" ">
    <subfield code="a">11th</subfield>
  </datafield>
  <datafield tag="260" ind1=" " ind2=" ">
    <subfield code="a">Boston:</subfield>
    <subfield code="b">McGraw - Hill,</subfield>
    <subfield code="c">2006.</subfield>
  </datafield>
  <datafield tag="300" ind1=" " ind2=" ">
    <subfield code="a">xv,640p.:</subfield>
    <subfield code="b">ill,</subfield>
    <subfield code="c">24cm</subfield>
  </datafield>
  <datafield tag="500" ind1=" " ind2=" ">
    <subfield code="a">Includes Index</subfield>
  </datafield>
  <datafield tag="505" ind1=" " ind2=" ">
    <subfield code="a">Contents: The Study of business government, and society -- The Dynamic environment -- Business power -- Critics of business -- Corporate social responsibility -- Implementing social responsibility -- Business ethics -- Making ethical decisions in business -- Business in politics -- Federal regulation of business -- Reforming regulation -- Multinational corporations and trade -- Globalisation -- Industrial pollution and environmental policy -- Managing environmental quality -- Consumerism -- The Changing workpace -- Corporate governance. </subfield>
  </datafield>
  <datafield tag="650" ind1=" " ind2=" ">
    <subfield code="a"> Industries -- Social aspects </subfield>
  </datafield>
  <datafield tag="650" ind1=" " ind2=" ">
    <subfield code="a">Industrial policy</subfield>
  </datafield>
  <datafield tag="700" ind1=" " ind2=" ">
    <subfield code="a">Steiner, John F.</subfield>
  </datafield>
  <datafield tag="942" ind1=" " ind2=" ">
    <subfield code="2">lcc</subfield>
    <subfield code="c">BK</subfield>
  </datafield>
  <datafield tag="999" ind1=" " ind2=" ">
    <subfield code="c">627</subfield>
    <subfield code="d">8127</subfield>
  </datafield>
  <datafield tag="952" ind1=" " ind2=" ">
    <subfield code="0">0</subfield>
    <subfield code="1">0</subfield>
    <subfield code="2">lcc</subfield>
    <subfield code="4">0</subfield>
    <subfield code="7">0</subfield>
    <subfield code="a">WIUC-1</subfield>
    <subfield code="b">WIUC-1</subfield>
    <subfield code="c">GEN</subfield>
    <subfield code="d">2012-02-28</subfield>
    <subfield code="l">0</subfield>
    <subfield code="o">HD60.5.U5S8</subfield>
    <subfield code="p">1478/12</subfield>
    <subfield code="r">2012-02-28 00:00:00</subfield>
    <subfield code="w">2012-02-28</subfield>
    <subfield code="y">BK</subfield>
  </datafield>
  <datafield tag="952" ind1=" " ind2=" ">
    <subfield code="0">0</subfield>
    <subfield code="1">0</subfield>
    <subfield code="2">lcc</subfield>
    <subfield code="4">0</subfield>
    <subfield code="7">0</subfield>
    <subfield code="a">WIUC-1</subfield>
    <subfield code="b">WIUC-1</subfield>
    <subfield code="c">GEN</subfield>
    <subfield code="d">2012-02-28</subfield>
    <subfield code="l">0</subfield>
    <subfield code="o">HD60.5.U5S81</subfield>
    <subfield code="p">1479/12</subfield>
    <subfield code="r">2012-02-28 00:00:00</subfield>
    <subfield code="w">2012-02-28</subfield>
    <subfield code="y">BK</subfield>
  </datafield>
  <datafield tag="952" ind1=" " ind2=" ">
    <subfield code="0">0</subfield>
    <subfield code="1">0</subfield>
    <subfield code="2">lcc</subfield>
    <subfield code="4">0</subfield>
    <subfield code="7">0</subfield>
    <subfield code="a">WIUC-1</subfield>
    <subfield code="b">WIUC-1</subfield>
    <subfield code="c">GEN</subfield>
    <subfield code="d">2012-02-28</subfield>
    <subfield code="l">0</subfield>
    <subfield code="o">HD60.5.U5S82</subfield>
    <subfield code="p">1480/12</subfield>
    <subfield code="r">2012-02-28 00:00:00</subfield>
    <subfield code="w">2012-02-28</subfield>
    <subfield code="y">BK</subfield>
  </datafield>
</record>
